Tovaroznalectvo I

Bibliographic Details
Main Authors: Olšanská, Zdenka (Author), Balažovičová, Antónia (Author)
Format: Book
Language:Slovak
PhysicalDescription:181 s. fareb. fotogr., sch., tab. 29 cm
Published: Bratislava Slovenské pedagogické nakladateľstvo 2005
ISBN:8010006912
Edition:1. vyd.
Subjects:

MARC

LEADER 00000nam a2200000 a 4500
001 vtls008424106
003 SK-MaSNL
005 20260301075805.0
008 240318s2005 xo ol e p 000 0 slo
015 |a SNBA2006/02-01099 
020 |a 8010006912  |q (brož.) 
035 |a 30CF668A-1A91-499C-A864-4A5EB33056B6 
035 |a urn:nbn:sk:snk-amkske 
035 |a urn:nbn:sk:snk-am00580i 
040 |a SNK  |b slo  |c SNK  |e AACR2 
041 0 |a slo 
044 |a xo  |c SK 
072 7 |a 620.1/.2  |x Náuka o materiáli  |2 konspekt 
080 |a 663/664  |2 1997 
080 |a 661  |2 1997 
080 |a 005.6  |2 1997 
080 |a (075.3)  |2 1997 
080 |a 620.2  |2 1997 
100 1 |a Olšanská, Zdenka  |4 aut  |9 400429 
245 1 0 |a Tovaroznalectvo  |c Zdenka Olšanská, Antónia Balažovičová  |n I 
250 |a 1. vyd. 
260 |a Bratislava  |b Slovenské pedagogické nakladateľstvo  |c 2005 
300 |a 181 s.  |b fareb. fotogr., sch., tab.  |c 29 cm 
650 0 7 |a tovaroznalectvo  |2 SNKPH  |9 3631 
650 0 7 |a potravinárske výrobky  |2 SNKPH  |9 66612 
650 0 7 |a chemické výrobky  |2 SNKPH  |9 247449 
650 0 7 |a manažment kvality  |2 SNKPH  |9 932 
655 7 |a učebnice stredných škôl  |2 SNKPH  |9 69323 
700 1 |a Balažovičová, Antónia  |4 aut  |9 400430 
919 |a 80-10-00691-2 
968 |d 62 
999 |c 651291  |d 653221 
952 |a SNK  |b SNK  |y PREZ  |7 0  |p 17A0494456  |o snkSB 71574/1  |i snk2006/869  |8 0  |0 0  |1 0  |4 0  |d 2006-01-16  |l 0  |r 2025-04-23 00:00:00  |w 2026-02-23 
952 |a SNK  |b SNK  |y VYP  |7 0  |p 17A0494455  |o snkSB 71574/1 D1  |i snk2006/870  |8 0  |0 0  |1 0  |4 0  |d 2006-01-16  |f 1  |l 0  |r 2016-06-30 00:00:00  |w 2026-02-23